[Event "Reunion op 20th"]
[Site "St Denis"]
[Date "2018.10.19"]
[Round "7"]
[White "Bah, Ismael"]
[Black "Fautrel, Pierrick"]
[Result "1/2-1/2"]
[WhiteElo "1687"]
[BlackElo "1176"]
[PlyCount "104"]
[EventDate "2018.10.14"]
[EventType "swiss"]
[EventRounds "9"]
[EventCountry "RUF"]
[SourceTitle "CBM 187 Extra"]
[Source "ChessBase"]
[SourceDate "2018.11.04"]
[SourceVersion "1"]
[SourceVersionDate "2018.11.04"]
[SourceQuality "1"]

1. c4 e5 2. d3 Nf6 3. Nc3 Bc5 4. e3 Nc6 5. Nf3 d6 6. Be2 Bd7 7. Na4 Bb6 8. Nxb6 axb6 9. 0-0 0-0 10. a3 h6 11. b3 Re8 12. Bb2 Qe7 13. Nd2 Na7 14. Bf3 Bc6 15. e4 Bd7 16. Be2 c5 17. f4 b5 18. fxe5 dxe5 19. Qe1 bxc4 20. bxc4 Nc6 21. Qh4 Ng4 22. Qxe7 Rxe7 23. Nb3 b6 24. Rf3 Nf6 25. h3 Nh5 26. Bc1 Nf6 27. Kh2 Kh7 28. g3 Ne8 29. Bb2 f6 30. Rb1 g5 31. Rf2 Kg6 32. Rg1 Ng7 33. Rgf1 Rf7 34. Bf3 Ne6 35. Bg4 h5 36. Bf5+ Kg7 37. Bc1 Ra7 38. Rd2 Ned4 39. Nxd4 Nxd4 40. Bb2 Bxf5 41. exf5 Rfd7 42. g4 h4 43. Bxd4 Rxd4 44. Rb1 Ra6 45. Rbb2 Kf7 46. a4 Ke7 47. a5 bxa5 48. Rb7+ Rd7 49. Rxd7+ Kxd7 50. Kg2 a4 51. Kf2 a3 52. Ra2 Kc6 1/2-1/2